000 01378nam2a2200301 4500
001 rc\2931917
005 20260315055222.0
035 _a(NLR Aleph) 007081262
090 _a13597444
_c13597444
100 _a20110819d1934 u y0rusy50 ca
101 0 _arus
102 _aRU
105 _ay z |||||
200 1 _aЧто решил XIII. пленум ИККИ о профсоюзах ... [и др. статьи по вопросам международного положения и политической жизни за границей]
210 _d1934
215 _aОбл., 114, [2] с. с объяв.
_d17,5 см
300 _a"Вопрос 1. настоящего вып. "За рубежом" составил Ю. Сонин, вопрос 2 - Ю. Бергштейн, вопрос 3. - Я. Екельчик, вопрос 4. - Л. Величко, вопрос 5. - К. Чопп" (с. 114)
461 0 _1001rc\2931916
_12001#$aЗа рубежом$v1
_96479496
_cХарьков
_d1934
_nУкраïнський робiтник
_tЗа рубежом
_v1
702 1 _aСонин
_bЮ.
_4220
702 1 _aБергштейн
_bЮ.
_4220
702 1 _aЕкельчик
_bЯ.
_4220
702 1 _aВеличко
_bЛ.
_4220
702 1 _aЧопп
_bК.
_4220
801 0 _aRU
_bNLR
_gpsbo
801 1 _aRU
_bELAR
_2rusmarc
852 _aNLR
_j34-2/1239
942 _cUNSPEC
980 _aNB